[Event "Campeonato del mundo sub-18"]
[Site "Kemer TUR"]
[Date "2009.11.13"]
[Round "2.16"]
[White "Shukh, Nikolay"]
[Black "Faizulaev, Akmal"]
[Result "1-0"]
[WhiteElo "2438"]
[BlackElo "2303"]
[PlyCount "67"]
[EventDate "2009.11.11"]
[EventType "swiss"]
[EventRounds "11"]
[EventCountry "ESP"]
[Source "lmi"]
[SourceDate "2009.11.11"]

1. e4 e5 2. Nf3 Nc6 3. Bb5 a6 4. Ba4 Nf6 5. d3 b5 6. Bb3 Be7 7. a4 b4 8. a5 O-O
9. O-O d6 10. Nbd2 Be6 11. Nc4 Nd4 12. Nxd4 exd4 13. Bf4 d5 14. exd5 Nxd5 15.
Be5 Bf6 16. Qf3 Bxe5 17. Nxe5 Qd6 18. Rfe1 Rad8 19. Re2 Ne7 20. Bxe6 Qxe6 21.
Nc4 Qd7 22. Qb7 Nd5 23. Ne5 Qd6 24. Rae1 h6 25. Nc6 Nf4 26. Re4 f5 27. Re7 Rd7
28. Rxd7 Qxd7 29. Ne7+ Kh7 30. Qc6 Qd8 31. Qc5 b3 32. g3 Nh3+ 33. Kg2 Ng5 34.
f4 1-0

[Event "Campeonato del mundo sub-18"]
[Site "Kemer TUR"]
[Date "2009.11.13"]
[Round "2.17"]
[White "Pavlidis, Anastasios"]
[Black "Rasulov, Vugar Ural Oglu"]
[Result "1-0"]
[WhiteElo "2300"]
[BlackElo "2427"]
[PlyCount "63"]
[EventDate "2009.11.11"]
[EventType "swiss"]
[EventRounds "11"]
[EventCountry "ESP"]
[Source "lmi"]
[SourceDate "2009.11.11"]

1. d4 Nf6 2. c4 a6 3. Nf3 c5 4. d5 b5 5. a4 Bb7 6. Qb3 b4 7. Nbd2 e6 8. e4 exd5
9. cxd5 d6 10. Bd3 Be7 11. O-O O-O 12. Nc4 a5 13. Qc2 Nbd7 14. b3 Nb6 15. Nxb6
Qxb6 16. Nd2 Qc7 17. Bb2 Nh5 18. f4 g6 19. Nc4 Rae8 20. f5 Bg5 21. f6 Ba6 22.
Rf3 Nf4 23. Rff1 Nh5 24. g4 Nf4 25. h4 Qc8 26. Ne3 Bxh4 27. Bxa6 Qxa6 28. Rxf4
Bg5 29. Rf3 Qc8 30. Raf1 h6 31. Rg3 Bh4 32. Rg2 1-0

[Event "Campeonato del mundo sub-18"]
[Site "Kemer TUR"]
[Date "2009.11.13"]
[Round "2.19"]
[White "Yaksin, Oleg"]
[Black "Shreyansh Daklia, Jain"]
[Result "1-0"]
[WhiteElo "2406"]
[BlackElo "2236"]
[PlyCount "105"]
[EventDate "2009.11.11"]
[EventType "swiss"]
[EventRounds "11"]
[EventCountry "ESP"]
[Source "lmi"]
[SourceDate "2009.11.11"]

1. d4 d5 2. c4 c6 3. Nf3 Nf6 4. Qc2 e6 5. Bg5 Nbd7 6. e3 h6 7. Bh4 Be7 8. Nc3
O-O 9. Bd3 a6 10. O-O dxc4 11. Bxc4 b5 12. Be2 Bb7 13. Rfd1 Rc8 14. Ne5 g5 15.
Bg3 c5 16. Nxd7 Nxd7 17. d5 Qb6 18. a4 exd5 19. Nxd5 Bxd5 20. Rxd5 Nf6 21. Re5
Bd6 22. a5 Qc7 23. Rf5 Bxg3 24. hxg3 Qe7 25. Bf3 Kg7 26. e4 Nd7 27. Re1 Ne5 28.
Be2 Nc6 29. Qc3+ Nd4 30. b4 f6 31. Rxc5 Rxc5 32. bxc5 Qe5 33. Kf1 b4 34. Qb2
Qxc5 35. Rc1 Qd6 36. Rc4 Nxe2 37. Qxe2 b3 38. Rc1 Rb8 39. Rd1 Qc6 40. e5 b2 41.
exf6+ Qxf6 42. Qe4 Rf8 43. f3 Rf7 44. Kg1 Re7 45. Qb4 Rc7 46. Kh2 Qc3 47. Rd7+
Kg8 48. Qb8+ Rc8 49. Qb6 b1=Q 50. Qxb1 Qc2 51. Qb7 Kh8 52. Qxa6 Qc6 53. Qd3 1-0

[Event "Campeonato del mundo sub-18"]
[Site "Kemer TUR"]
[Date "2009.11.13"]
[Round "2.21"]
[White "Shyam, Nikhil Ponnusamy"]
[Black "Aguirre, Manzo Leopoldo"]
[Result "0-1"]
[WhiteElo "2393"]
[BlackElo "2148"]
[PlyCount "148"]
[EventDate "2009.11.11"]
[EventType "swiss"]
[EventRounds "11"]
[EventCountry "ESP"]
[Source "lmi"]
[SourceDate "2009.11.11"]

1. e4 c5 2. Nf3 d6 3. d4 cxd4 4. Nxd4 Nf6 5. Nc3 a6 6. Be2 e5 7. Nb3 Be6 8. O-O
Be7 9. f4 Qc7 10. g4 exf4 11. g5 Nfd7 12. Bxf4 Nc6 13. Qd2 O-O 14. Rad1 Nce5
15. Nd4 Rac8 16. Nf5 Bxf5 17. Nd5 Qc5+ 18. Be3 Bxg5 19. Bxc5 Bxd2 20. Bxd6 Bxe4
21. Rxd2 Bxd5 22. Bxf8 Kxf8 23. Rxd5 Rxc2 24. Bg4 Nf6 25. Rxe5 Nxg4 26. Rg5 h5
27. h3 Nf6 28. Rg2 Rc6 29. Rgf2 Re6 30. Rc1 g6 31. Rc7 b5 32. Rfc2 Kg7 33. R7c6
Re3 34. Kh2 Nd5 35. Rf2 f6 36. Rxa6 g5 37. Ra3 Re5 38. Rg3 Kg6 39. a3 f5 40.
Rb3 Ne3 41. Kg1 h4 42. Re2 f4 43. Kf2 Rd5 44. Kf3 Kf5 45. Rc3 Nc4 46. Kf2 Ne3
47. Kf3 Nc4 48. Kf2 Ne3 49. Rc8 Rd1 50. Kf3 Rf1+ 51. Rf2 Rh1 52. Rc5+ Kg6 53.
Rxb5 Rxh3+ 54. Ke4 Ng4 55. Rb6+ Kh5 56. Rc2 Re3+ 57. Kd4 h3 58. Rb8 Kh4 59. a4
h2 60. Rh8+ Kg3 61. a5 Re1 62. a6 f3 63. Rc3 h1=Q 64. Rxh1 Rxh1 65. a7 Ra1 66.
Ra3 Rxa3 67. bxa3 f2 68. a8=Q f1=Q 69. a4 Qf4+ 70. Kc3 Ne3 71. a5 Qe5+ 72. Kb4
Nd5+ 73. Ka4 Qd4+ 74. Kb3 Qc3+ 0-1

[Event "Campeonato del mundo sub-18"]
[Site "Kemer TUR"]
[Date "2009.11.13"]
[Round "2.22"]
[White "Eiti, Bashir"]
[Black "Demuth, Adrien"]
[Result "1/2-1/2"]
[WhiteElo "1813"]
[BlackElo "2387"]
[PlyCount "145"]
[EventDate "2009.11.11"]
[EventType "swiss"]
[EventRounds "11"]
[EventCountry "ESP"]
[Source "lmi"]
[SourceDate "2009.11.11"]

1. d4 Nf6 2. Nf3 g6 3. Bf4 Bg7 4. Nbd2 c5 5. e3 O-O 6. c3 d6 7. Qc2 Nc6 8. Bd3
Be6 9. dxc5 dxc5 10. e4 Qd7 11. Ng5 Bg4 12. h3 h6 13. Ngf3 Be6 14. O-O Rfd8 15.
Be2 Rac8 16. Rfd1 Qe8 17. Nf1 a6 18. Be3 Nb8 19. Rxd8 Qxd8 20. Ng3 Nfd7 21. Qd2
Kh7 22. Bd3 Nb6 23. Qe2 Qd7 24. Nh4 Rd8 25. Bc2 Nc4 26. Rd1 Qc8 27. Rxd8 Qxd8
28. Bc1 Ne5 29. b3 c4 30. f4 Nd3 31. Bd2 b5 32. f5 Bc8 33. Qg4 Ne5 34. Qe2 Nbc6
35. Nf1 Qa5 36. Bb1 Qa3 37. Qd1 Qb2 38. Ne3 b4 39. Qc2 bxc3 40. fxg6+ Nxg6 41.
Qxb2 cxb2 42. Nxg6 fxg6 43. Nxc4 Be6 44. Kf2 Bxc4 45. bxc4 Ne5 46. c5 Nc4 47.
Ke2 Be5 48. c6 Na3 49. Bd3 Nb5 50. Kd1 Nd4 51. c7 Bxc7 52. Bc3 Nc6 53. Bxb2 a5
54. Bb5 Ne5 55. Kc2 g5 56. Kb3 g4 57. Ka4 Ng6 58. hxg4 Nf4 59. Bf1 Kg6 60. Bc3
Kg5 61. Bxa5 Be5 62. g3 Ne6 63. Be2 Nc5+ 64. Kb5 Nxe4 65. Bb4 Nc3+ 66. Bxc3
Bxc3 67. a4 Be1 68. a5 Bxg3 69. a6 Bf2 70. Kc6 e5 71. Kb7 e4 72. a7 Bxa7 73.
Kxa7 1/2-1/2

[Event "Campeonato del mundo sub-18"]
[Site "Kemer TUR"]
[Date "2009.11.13"]
[Round "2.23"]
[White "Kleijn, Christov"]
[Black "Rumjantsev, Jevgeni"]
[Result "0-1"]
[WhiteElo "2383"]
[BlackElo "2039"]
[PlyCount "116"]
[EventDate "2009.11.11"]
[EventType "swiss"]
[EventRounds "11"]
[EventCountry "ESP"]
[Source "lmi"]
[SourceDate "2009.11.11"]

1. e4 c5 2. Nf3 d6 3. Nc3 Nf6 4. d4 cxd4 5. Nxd4 a6 6. Be3 e5 7. Nb3 Be7 8. Qd2
Be6 9. O-O-O Nbd7 10. f4 b5 11. f5 Bc4 12. Kb1 O-O 13. g4 Nxg4 14. Rg1 Nxe3 15.
Qxe3 Bxb3 16. Qh6 Bxc2+ 17. Kxc2 Bf6 18. Rxd6 Kh8 19. Qd2 Ra7 20. Nd5 Qc8+ 21.
Kb1 Qc5 22. Ne3 Rc8 23. b4 Qc7 24. Bh3 Qc3 25. Rd1 Qxd2 26. R1xd2 Rc3 27. Rc2
Rxc2 28. Nxc2 Bg5 29. Bf1 h5 30. a4 Nf6 31. axb5 axb5 32. Bxb5 Nxe4 33. Rc6
Nd2+ 34. Kb2 e4 35. Rc8+ Kh7 36. Re8 Re7 37. Rxe7 Bxe7 38. Bc6 Bf6+ 39. Kc1 Nf3
40. Bxe4 Nxh2 41. b5 Kh6 42. b6 Be5 43. Nb4 Ng4 44. b7 Bf4+ 45. Kc2 h4 46. Nc6
Nf2 47. Bd5 f6 48. b8=Q Bxb8 49. Nxb8 Kg5 50. Kd2 Kxf5 51. Ke3 Ng4+ 52. Kf3
Ne5+ 53. Kg2 g5 54. Nc6 Nxc6 55. Bxc6 g4 56. Kf2 Kf4 57. Kg1 f5 58. Kg2 Ke3 0-1

[Event "Campeonato del mundo sub-18"]
[Site "Kemer TUR"]
[Date "2009.11.13"]
[Round "2.25"]
[White "Inonu, Munci MuhsÝn"]
[Black "Matlakov, Maxim"]
[Result "0-1"]
[WhiteElo "2002"]
[BlackElo "2575"]
[PlyCount "88"]
[EventDate "2009.11.11"]
[EventType "swiss"]
[EventRounds "11"]
[EventCountry "ESP"]
[Source "lmi"]
[SourceDate "2009.11.11"]

1. e4 c5 2. Nc3 Nc6 3. g3 g6 4. Bg2 Bg7 5. d3 d6 6. f4 e6 7. Nf3 Nge7 8. O-O
O-O 9. Be3 b6 10. d4 Ba6 11. Re1 Rc8 12. Bf2 cxd4 13. Nxd4 Na5 14. Qf3 Nc4 15.
Nd1 e5 16. fxe5 dxe5 17. Ne2 f5 18. exf5 gxf5 19. Qb3 Kh8 20. Qa4 Na5 21. b4
Bxe2 22. Rxe2 e4 23. c3 Nc4 24. Ne3 Nxe3 25. Bxe3 Rxc3 26. Rd1 Rd3 27. Red2
Rxd2 28. Rxd2 Qc7 29. Qd7 Qc3 30. Bd4 Bxd4+ 31. Qxd4+ Qxd4+ 32. Rxd4 Nc6 33.
Rc4 Ne5 34. Rc7 Rd8 35. Rc1 Kg7 36. Rc2 Ng4 37. Re2 Rd1+ 38. Bf1 Kf6 39. h3 Ne5
40. g4 Nf3+ 41. Kf2 Nd4 42. Re1 Rxe1 43. Kxe1 f4 44. Kd2 f3 0-1

[Event "Campeonato del mundo sub-18"]
[Site "Kemer TUR"]
[Date "2009.11.13"]
[Round "2.26"]
[White "Krejci, Jan"]
[Black "Pradeep Kumar, Raghu"]
[Result "1-0"]
[WhiteElo "2458"]
[BlackElo "2202"]
[PlyCount "77"]
[EventDate "2009.11.11"]
[EventType "swiss"]
[EventRounds "11"]
[EventCountry "ESP"]
[Source "lmi"]
[SourceDate "2009.11.11"]

1. e4 c5 2. Nf3 Nc6 3. d4 cxd4 4. Nxd4 Nf6 5. Nc3 e5 6. Ndb5 d6 7. Bg5 a6 8.
Na3 b5 9. Nd5 Be7 10. Bxf6 Bxf6 11. c3 O-O 12. Nc2 Bg5 13. h4 Bh6 14. g3 Rb8
15. Bg2 Be6 16. O-O a5 17. a3 g6 18. h5 Kg7 19. Nce3 Bxe3 20. Nxe3 b4 21. axb4
axb4 22. Qd2 bxc3 23. bxc3 Na5 24. Rad1 Rc8 25. f4 Bb3 26. Rb1 f6 27. Bh3 Rc5
28. h6+ Kh8 29. fxe5 dxe5 30. Qxd8 Rxd8 31. Rxf6 Rxc3 32. Rbf1 Rg8 33. Nd5
Rxg3+ 34. Kh2 Rxh3+ 35. Kxh3 Bc4 36. Ra1 Nb7 37. Ra7 Nd8 38. Rd6 Rf8 39. Rad7
1-0

[Event "Campeonato del mundo sub-18"]
[Site "Kemer TUR"]
[Date "2009.11.13"]
[Round "2.27"]
[White "Arslanov, Shamil"]
[Black "Schon, Eugene"]
[Result "1-0"]
[WhiteElo "2379"]
[BlackElo "2171"]
[PlyCount "101"]
[EventDate "2009.11.11"]
[EventType "swiss"]
[EventRounds "11"]
[EventCountry "ESP"]
[Source "lmi"]
[SourceDate "2009.11.11"]

1. e4 e5 2. Nf3 Nc6 3. Bb5 a6 4. Ba4 Nf6 5. O-O Be7 6. Re1 b5 7. Bb3 O-O 8. c3
d5 9. exd5 Nxd5 10. Nxe5 Nxe5 11. Rxe5 c6 12. d3 Bd6 13. Re1 Bf5 14. Qf3 Qh4
15. g3 Qh3 16. Bxd5 cxd5 17. Bf4 Bxf4 18. Qxf4 Bxd3 19. Nd2 Qf5 20. Qxf5 Bxf5
21. Nb3 Rfd8 22. Re5 Be4 23. Nd4 Re8 24. Rxe8+ Rxe8 25. f3 Bg6 26. Kf2 f6 27.
a4 bxa4 28. Rxa4 Rb8 29. b3 Rc8 30. Rxa6 Rxc3 31. Ra5 Rd3 32. Rxd5 Rd2+ 33. Ke3
Rxh2 34. Rd8+ Kf7 35. Rd7+ Kg8 36. b4 Rb2 37. b5 Be8 38. Rb7 h5 39. b6 Bf7 40.
Nf5 Rb3+ 41. Kd4 Rxf3 42. Nd6 Bg6 43. Rb8+ Kh7 44. b7 Rxg3 45. Ra8 Rb3 46. b8=Q
Rxb8 47. Rxb8 Kh6 48. Ke3 Bc2 49. Rh8+ Kg5 50. Rc8 Bb1 51. Rc4 1-0

[Event "Campeonato del mundo sub-18"]
[Site "Kemer TUR"]
[Date "2009.11.13"]
[Round "2.28"]
[White "Bebel, Arkadiusz"]
[Black "Stankovic, Milos"]
[Result "1-0"]
[WhiteElo "2275"]
[BlackElo "2379"]
[PlyCount "55"]
[EventDate "2009.11.11"]
[EventType "swiss"]
[EventRounds "11"]
[EventCountry "ESP"]
[Source "lmi"]
[SourceDate "2009.11.11"]

1. e4 c5 2. c3 d5 3. exd5 Qxd5 4. d4 Nc6 5. Nf3 cxd4 6. cxd4 Bg4 7. Nc3 Bxf3 8.
gxf3 Qxd4 9. Qxd4 Nxd4 10. Nb5 Ne6 11. Bc4 a6 12. Bxe6 axb5 13. Bd5 e6 14. Bxb7
Bb4+ 15. Ke2 Rb8 16. Bc6+ Kf8 17. Rd1 f6 18. a3 Be7 19. Be3 Nh6 20. Rac1 b4 21.
a4 Nf5 22. Ba7 Rc8 23. a5 Bd6 24. Bb7 Rxc1 25. Rxc1 Ke7 26. a6 Bxh2 27. Bc5+
Bd6 28. a7 1-0

[Event "Campeonato del mundo sub-18"]
[Site "Kemer TUR"]
[Date "2009.11.13"]
[Round "2.30"]
[White "Bukavshin, Ivan"]
[Black "Reimanis, Ritvars"]
[Result "1/2-1/2"]
[WhiteElo "2426"]
[BlackElo "2112"]
[PlyCount "55"]
[EventDate "2009.11.11"]
[EventType "swiss"]
[EventRounds "11"]
[EventCountry "ESP"]
[Source "lmi"]
[SourceDate "2009.11.11"]

1. c4 e6 2. Nc3 d5 3. d4 Nf6 4. cxd5 exd5 5. Bg5 Nbd7 6. e3 Be7 7. Bd3 h6 8.
Bh4 O-O 9. Nge2 Re8 10. O-O c6 11. Qc2 Ne4 12. Bxe7 Qxe7 13. Rae1 Nf8 14. Bxe4
dxe4 15. Ng3 f5 16. f3 exf3 17. Rxf3 g6 18. e4 Nh7 19. Ref1 Ng5 20. Rf4 Ne6 21.
R4f2 Nxd4 22. Qa4 Qe5 23. exf5 b5 24. Qd1 Bxf5 25. Nxf5 Nxf5 26. Qg4 Qg7 27.
Ne4 Re5 28. Qf4 1/2-1/2

[Event "Campeonato del mundo sub-18"]
[Site "Kemer TUR"]
[Date "2009.11.13"]
[Round "2.32"]
[White "Wageih, Kareim"]
[Black "Ulkhanov, Azamat"]
[Result "1/2-1/2"]
[WhiteElo "2324"]
[BlackElo "2068"]
[PlyCount "100"]
[EventDate "2009.11.11"]
[EventType "swiss"]
[EventRounds "11"]
[EventCountry "ESP"]
[Source "lmi"]
[SourceDate "2009.11.11"]

1. d4 Nf6 2. Nf3 g6 3. c4 Bg7 4. Nc3 O-O 5. Bf4 c5 6. d5 d6 7. e4 Qa5 8. Bd3
Bg4 9. O-O Nbd7 10. Be2 Bxf3 11. Bxf3 Qb4 12. Qb3 Ne5 13. Be2 Nfd7 14. Bg5 f6
15. Bd2 f5 16. exf5 gxf5 17. Rad1 Qxb3 18. axb3 f4 19. f3 Ng6 20. Bd3 Bd4+ 21.
Kh1 Nde5 22. Bxg6 hxg6 23. Ne2 g5 24. Nxd4 cxd4 25. Be1 b5 26. cxb5 Rab8 27.
Rxd4 Rxb5 28. b4 Rc8 29. Bc3 Rc4 30. Rfd1 Kf7 31. Kg1 Rxd4 32. Rxd4 Nd7 33. h4
Nb6 34. hxg5 Nxd5 35. Kf2 Kg6 36. Ke2 Kxg5 37. Kd3 Nb6 38. Bd2 Rf5 39. g3 Nd5
40. Kc4 Ne3+ 41. Kd3 Nd5 42. Ke2 Re5+ 43. Kf2 Rf5 44. gxf4+ Kf6 45. Ke2 Ke6 46.
Kd3 Kd7 47. Be3 a6 48. Rc4 e6 49. Bd2 Rf8 50. Rc2 Rh8 1/2-1/2

[Event "Campeonato del mundo sub-18"]
[Site "Kemer TUR"]
[Date "2009.11.13"]
[Round "2.33"]
[White "Tasdelen, Deniz Murat"]
[Black "Yilmazyerli, Mert"]
[Result "1/2-1/2"]
[WhiteElo "2058"]
[BlackElo "2295"]
[PlyCount "96"]
[EventDate "2009.11.11"]
[EventType "swiss"]
[EventRounds "11"]
[EventCountry "ESP"]
[Source "lmi"]
[SourceDate "2009.11.11"]

1. e4 e5 2. Nf3 Nc6 3. Bb5 a6 4. Bxc6 dxc6 5. Nc3 f6 6. d4 exd4 7. Qxd4 Qxd4 8.
Nxd4 Bd7 9. Be3 O-O-O 10. O-O-O Bb4 11. Nde2 Re8 12. f3 Ne7 13. a3 Bxc3 14.
Nxc3 b6 15. h4 h5 16. Ne2 Be6 17. Nf4 Bf7 18. Bd4 Ng6 19. Nxg6 Bxg6 20. Rhe1
Re6 21. Bc3 Rhe8 22. Re2 f5 23. e5 Bf7 24. Rde1 c5 25. Bd2 Kb7 26. Bg5 Kc6 27.
f4 Rb8 28. Rd1 Ree8 29. Red2 Be6 30. b3 Ra8 31. Rd8 Rexd8 32. Rxd8 Rxd8 33.
Bxd8 Kd7 34. Bg5 c4 35. Kb2 cxb3 36. cxb3 c5 37. Kc3 a5 38. b4 cxb4+ 39. axb4
a4 40. b5 a3 41. Kc2 Ba2 42. Kc3 Bc4 43. Kc2 Be6 44. Kc3 Bd5 45. g3 Bc4 46. Kc2
Be6 47. Kc3 Bc4 48. Kc2 Be6 1/2-1/2

[Event "Campeonato del mundo sub-18"]
[Site "Kemer TUR"]
[Date "2009.11.13"]
[Round "2.34"]
[White "Sartori, C Sergio M"]
[Black "Ollier, Pablo"]
[Result "0-1"]
[WhiteElo "2021"]
[BlackElo "2259"]
[PlyCount "98"]
[EventDate "2009.11.11"]
[EventType "swiss"]
[EventRounds "11"]
[EventCountry "ESP"]
[Source "lmi"]
[SourceDate "2009.11.11"]

1. e4 e5 2. Nc3 Nc6 3. Bc4 Nf6 4. d3 Bc5 5. Bg5 h6 6. Bh4 g5 7. Bg3 d6 8. h4
Bg4 9. Qd2 Nh5 10. Nd5 Kd7 11. Nf3 Bxf3 12. gxf3 Nd4 13. Qd1 c6 14. c3 cxd5 15.
cxd4 Qa5+ 16. Kf1 dxc4 17. dxc5 Qxc5 18. Rc1 Nxg3+ 19. fxg3 Qa5 20. dxc4 Rac8
21. Rh2 gxh4 22. gxh4 Rhg8 23. Qd5 Qxd5 24. exd5 f5 25. b3 b5 26. Rg2 Rxg2 27.
Kxg2 bxc4 28. bxc4 Rb8 29. Rc2 Rb4 30. Kg3 Ra4 31. h5 Ra3 32. Kf2 f4 33. Kg2 a5
34. c5 dxc5 35. Rxc5 Kd6 36. Rb5 a4 37. Ra5 Rxa2+ 38. Kh3 a3 39. Kg4 Ra1 40.
Kh3 a2 41. Kg2 e4 42. fxe4 f3+ 43. Kxf3 Rf1+ 44. Kg4 a1=Q 45. Rxa1 Rxa1 46. Kf5
Rg1 47. Kf6 Rg5 48. e5+ Kxd5 49. e6 Rxh5 0-1

[Event "Campeonato del mundo sub-18"]
[Site "Kemer TUR"]
[Date "2009.11.13"]
[Round "2.35"]
[White "Kocheev, Aleksandr"]
[Black "Santos, Hugo Lima"]
[Result "1-0"]
[WhiteElo "2247"]
[BlackElo "2041"]
[PlyCount "71"]
[EventDate "2009.11.11"]
[EventType "swiss"]
[EventRounds "11"]
[EventCountry "ESP"]
[Source "lmi"]
[SourceDate "2009.11.11"]

1. e4 c6 2. Nc3 d5 3. Nf3 Bg4 4. h3 Bxf3 5. Qxf3 Nf6 6. d3 e6 7. g3 Bb4 8. Bd2
d4 9. Nb1 Bxd2+ 10. Nxd2 e5 11. g4 c5 12. Nc4 Qe7 13. a4 Nc6 14. h4 g6 15. Qg3
Qc7 16. Be2 O-O-O 17. g5 Nd7 18. Bg4 Kb8 19. a5 Nf8 20. Rf1 Ne6 21. Bxe6 fxe6
22. Qg4 Qf7 23. Ke2 Rhf8 24. Ra3 Kc7 25. Rb3 Rd7 26. Rb5 Qe7 27. Qg3 a6 28. Rb6
Qg7 29. Rxc6+ Kxc6 30. Nxe5+ Kb5 31. Ra1 Rdf7 32. Nxf7 Qxf7 33. Ra3 e5 34. c4+
Kb4 35. f3 Qf4 36. Qe1+ 1-0

[Event "Campeonato del mundo sub-18"]
[Site "Kemer TUR"]
[Date "2009.11.13"]
[Round "2.36"]
[White "Kaminski, Victor"]
[Black "Kristinsson, Bjarni J"]
[Result "1/2-1/2"]
[WhiteElo "2235"]
[BlackElo "2023"]
[PlyCount "52"]
[EventDate "2009.11.11"]
[EventType "swiss"]
[EventRounds "11"]
[EventCountry "ESP"]
[Source "lmi"]
[SourceDate "2009.11.11"]

1. d4 d5 2. Nf3 Nf6 3. c4 c6 4. e3 e6 5. Bd3 Nbd7 6. O-O Bd6 7. Nc3 O-O 8. b3
b6 9. Bb2 Bb7 10. e4 dxe4 11. Nxe4 Nxe4 12. Bxe4 Nf6 13. Bc2 c5 14. Ne5 Qc7 15.
Re1 Rfd8 16. Ng4 Nxg4 17. Qxg4 cxd4 18. Bxd4 f5 19. Qh5 Qc6 20. f3 Bb4 21. Bxg7
Bxe1 22. Rxe1 Kxg7 23. Qg5+ Kf7 24. Qh5+ Kf6 25. Qh6+ Ke7 26. Qxh7+ Kf6 1/2-1/2

[Event "Campeonato del mundo sub-18"]
[Site "Kemer TUR"]
[Date "2009.11.13"]
[Round "2.39"]
[White "Binder, Michael"]
[Black "Margarido, Ricardo Emanuel Tor"]
[Result "1/2-1/2"]
[WhiteElo "2202"]
[BlackElo "1966"]
[PlyCount "109"]
[EventDate "2009.11.11"]
[EventType "swiss"]
[EventRounds "11"]
[EventCountry "ESP"]
[Source "lmi"]
[SourceDate "2009.11.11"]

1. Nf3 Nf6 2. c4 e6 3. d4 d5 4. Nc3 c5 5. cxd5 Nxd5 6. e4 Nxc3 7. bxc3 cxd4 8.
cxd4 Bb4+ 9. Bd2 Bxd2+ 10. Qxd2 O-O 11. Bc4 Nd7 12. O-O b6 13. Rfe1 Bb7 14.
Rad1 Rc8 15. Bd3 Qe7 16. Qf4 Rfd8 17. Bb1 Nf8 18. Rd3 Rc4 19. Red1 Ng6 20. Qe3
Qc7 21. g3 Ne7 22. h4 Rc8 23. Nd2 Rc1 24. Nb3 Rxd1+ 25. Rxd1 Qc3 26. Qf4 Qc7
27. Qxc7 Rxc7 28. f3 Rc3 29. Kf2 g6 30. Nc1 Ba6 31. Ne2 Bxe2 32. Kxe2 Nc8 33.
Bd3 Nd6 34. Rd2 Kf8 35. g4 Ke7 36. e5 Nc4 37. Rc2 Rxc2+ 38. Bxc2 Na5 39. Kd3
Nc6 40. Kc4 a6 41. f4 f5 42. gxf5 gxf5 43. a3 Kd7 44. d5 Ne7 45. dxe6+ Kxe6 46.
h5 h6 47. Bd3 Nc6 48. Kc3 b5 49. Be2 Ne7 50. Bf3 a5 51. Kd4 b4 52. axb4 axb4
53. Kc4 b3 54. Kxb3 Nc8 55. Kb4 1/2-1/2

[Event "Campeonato del mundo sub-18"]
[Site "Kemer TUR"]
[Date "2009.11.13"]
[Round "2.41"]
[White "Rasovic, Uros"]
[Black "Sanchez, Maya Simon"]
[Result "0-1"]
[WhiteElo "1914"]
[BlackElo "2194"]
[PlyCount "56"]
[EventDate "2009.11.11"]
[EventType "swiss"]
[EventRounds "11"]
[EventCountry "ESP"]
[Source "lmi"]
[SourceDate "2009.11.11"]

1. e4 c5 2. Nf3 d6 3. d4 cxd4 4. Qxd4 a6 5. Bc4 Nc6 6. Qd3 e6 7. Nc3 Qc7 8. Bb3
Nf6 9. Bg5 Be7 10. O-O-O b5 11. Nd4 Bb7 12. f4 b4 13. Bxf6 Bxf6 14. Ncb5 axb5
15. Nxb5 Qb6 16. Nxd6+ Kf8 17. Nxf7 Kxf7 18. Qd7+ Ne7 19. Rd6 Qe3+ 20. Kb1 Bc8
21. Bxe6+ Kg6 22. Bf5+ Nxf5 23. exf5+ Kh6 24. Qf7 Bxf5 25. g4 Bxc2+ 26. Ka1 Bg6
27. g5+ Kh5 28. Qd5 Bxb2+ 0-1

[Event "Campeonato del mundo sub-18"]
[Site "Kemer TUR"]
[Date "2009.11.13"]
[Round "2.43"]
[White "Yilmaz, Baler"]
[Black "Adair, James Robert"]
[Result "1-0"]
[WhiteElo "1847"]
[BlackElo "2188"]
[PlyCount "101"]
[EventDate "2009.11.11"]
[EventType "swiss"]
[EventRounds "11"]
[EventCountry "ESP"]
[Source "lmi"]
[SourceDate "2009.11.11"]

1. d4 Nf6 2. c4 e6 3. Nf3 b6 4. Bg5 Bb7 5. e3 Be7 6. Bd3 O-O 7. O-O d5 8. Nc3
Nbd7 9. cxd5 exd5 10. Qe2 c5 11. Rac1 c4 12. Bb1 a6 13. a4 Bc6 14. Ne5 Nxe5 15.
dxe5 Nd7 16. Bxe7 Qxe7 17. f4 Rfd8 18. Qg4 Nf8 19. Rf3 d4 20. Rg3 f5 21. exf6
Qxf6 22. Ne4 Bxe4 23. Bxe4 Rd7 24. Rxc4 d3 25. Rc3 d2 26. Bc2 Rad8 27. Bd1 b5
28. axb5 axb5 29. e4 Ng6 30. Rgf3 b4 31. e5 Qh4 32. Qe6+ Kh8 33. Rc4 Qe1+ 34.
Rf1 Qe3+ 35. Kh1 Qd3 36. Kg1 Re7 37. Qc6 Qe3+ 38. Kh1 Rf8 39. Re4 Qd3 40. Be2
Qb3 41. Qd6 Qc2 42. Rd4 Qxb2 43. Rxd2 Qc3 44. f5 Ref7 45. e6 Rxf5 46. Rxf5 Rxf5
47. Qd8+ Nf8 48. e7 Qf6 49. Qxf8+ Qxf8 50. Rd8 Kg8 51. Bc4+ 1-0

[Event "Campeonato del mundo sub-18"]
[Site "Kemer TUR"]
[Date "2009.11.13"]
[Round "2.44"]
[White "Hanninger, Simon"]
[Black "Celis, Joel Chang"]
[Result "1-0"]
[WhiteElo "2171"]
[BlackElo "1698"]
[PlyCount "79"]
[EventDate "2009.11.11"]
[EventType "swiss"]
[EventRounds "11"]
[EventCountry "ESP"]
[Source "lmi"]
[SourceDate "2009.11.11"]

1. Nf3 Nf6 2. c4 b6 3. g3 Bb7 4. Bg2 e6 5. O-O Be7 6. Nc3 O-O 7. d4 d5 8. cxd5
exd5 9. Bf4 c5 10. dxc5 bxc5 11. Rc1 Nbd7 12. Qc2 Rc8 13. Rfd1 Qb6 14. Ne5 d4
15. Nxd7 Nxd7 16. Nd5 Bxd5 17. Bxd5 Rfd8 18. Qc4 g5 19. Bxf7+ Kg7 20. Bd2 Ne5
21. Qe6 Nxf7 22. Qxe7 Re8 23. Qd7 Rcd8 24. Qg4 Rd5 25. Rc2 Kh8 26. Bc1 Qg6 27.
e4 Rxe4 28. Qc8+ Kg7 29. Rxc5 Rxc5 30. Qxc5 Qe6 31. Rxd4 Re1+ 32. Kg2 Qa6 33.
Rc4 Qxa2 34. Bd2 Re6 35. Bc3+ Kg6 36. Qd4 Ne5 37. Qe4+ Kh6 38. Bxe5 Qa6 39. Rc7
Rg6 40. Qg4 1-0

[Event "Campeonato del mundo sub-18"]
[Site "Kemer TUR"]
[Date "2009.11.14"]
[Round "3.3"]
[White "Adhiban, Baskaran"]
[Black "Kulakov, Viacheslav"]
[Result "1/2-1/2"]
[WhiteElo "2486"]
[BlackElo "2380"]
[PlyCount "82"]
[EventDate "2009.11.11"]
[EventType "swiss"]
[EventRounds "11"]
[EventCountry "ESP"]
[Source "lmi"]
[SourceDate "2009.11.11"]

1. e4 c6 2. d4 d5 3. e5 Bf5 4. Nf3 e6 5. Be2 Nd7 6. O-O h6 7. Nbd2 Ne7 8. Nb3
Nc8 9. a4 a5 10. Bd2 Be7 11. Rc1 O-O 12. c4 dxc4 13. Bxc4 Bb4 14. Bxb4 axb4 15.
a5 b6 16. axb6 Qxb6 17. Nfd2 Rd8 18. Be2 Ra2 19. Nc4 Qa7 20. Qd2 Ndb6 21. Ne3
Ne7 22. Ra1 Bg6 23. Qxb4 Nbd5 24. Nxd5 Nxd5 25. Qd2 Rb8 26. Bc4 Rxb3 27. Rxa2
Qxa2 28. Qd1 Bc2 29. Qxc2 Rxb2 30. Bxa2 Rxc2 31. Bb3 Rc3 32. Bxd5 cxd5 33. Rd1
Kh7 34. Kf1 Kg6 35. Ke2 Kf5 36. Rd3 Rxd3 37. Kxd3 Kf4 38. f3 f6 39. exf6 gxf6
40. Ke2 h5 41. g3+ Kg5 1/2-1/2

[Event "Campeonato del mundo sub-18"]
[Site "Kemer TUR"]
[Date "2009.11.14"]
[Round "3.4"]
[White "Piorun, Kacper"]
[Black "Narmontas, Matas"]
[Result "0-1"]
[WhiteElo "2475"]
[BlackElo "2370"]
[PlyCount "92"]
[EventDate "2009.11.11"]
[EventType "swiss"]
[EventRounds "11"]
[EventCountry "ESP"]
[Source "lmi"]
[SourceDate "2009.11.11"]

1. e4 e5 2. Nf3 Nc6 3. Bc4 Bc5 4. O-O Nf6 5. d4 Bxd4 6. Nxd4 Nxd4 7. f4 d6 8.
fxe5 dxe5 9. Bg5 Be6 10. Na3 Qe7 11. Bxf6 gxf6 12. c3 Bxc4 13. Nxc4 Ne6 14. Ne3
Qc5 15. Qd2 Rd8 16. Qf2 Nf4 17. Kh1 Qc6 18. Qf3 Rd3 19. Rae1 f5 20. g3 fxe4 21.
Qf2 Ng6 22. Qxf7+ Kd8 23. Qg7 Kc8 24. Rf6 Qc5 25. Ng2 Rd7 26. Rf7 Rxf7 27. Qxf7
Kb8 28. h4 a6 29. h5 Ne7 30. Rd1 Nc8 31. Qg7 Rf8 32. Qxh7 Qf2 33. Qg7 Qf3 34.
Re1 Qxh5+ 35. Kg1 Qf5 36. g4 Qf2+ 37. Kh2 Nd6 38. Re2 Qxe2 39. Qxf8+ Ka7 40.
Kg3 Qd3+ 41. Kh4 e3 42. Qe7 Qe4 43. Kh3 e2 44. Qxc7 e1=Q 45. Nxe1 Qh1+ 46. Kg3
Ne4# 0-1